Roma imperial (Record no. 44704)

MARC details
000 -Etiqueta do registo
Valores 00663cam a2200217 04500
100 ## - Dados gerais de processamento
Dados gerais 19800801d1980 m y0pory5003 ba
101 1# - Língua de publicação
Língua por
102 ## - País de publicação
País PT
200 1# - Titulo e menção de responsabilidade
Título próprio Roma imperial
Primeira menção de responsabilidade texto de Patrícia Vanags
Outras menções de responsabilidade trad. Maria Irene Bigotte de Carvalho
-- il. Ivan Lapper
210 #9 - Publicação
Local de publicação Lisboa
Nome do editor Editorial Verbo,
Data de publicação imp. 1980
215 ## - Descrição física 
Paginação / Volumes 30 p.
Outras indicações físicas il.
Dimensões 27 cm
225 2# - Colecção 
Título próprio da colecção Ver e saber.
Nome de parte ou secção Nova série
Indicação de volume 11
304 ## - Nota relativa ao título
Texto de nota Tít. orig.: A closer look at imperial Rome
675 ## - CDU
Notação 94(37)
700 #1 - Autor principal
Apelido Vanags,
Nome Patrícia
702 #1 - Autor secundário
Apelido Carvalho,
Nome Maria Irene Bigotte de
Função 730
702 #1 - Autor secundário
Apelido Lapper,
Nome Ivan
Função 440
801 #0 - Fonte de origem
País PT
Agência BN
Regras de catalogação RPC
990 ## - Elementos KOHA
Tipo de documento Livro
Holdings
Aquisição Empréstimo Código de barras Cota Permissão de empréstimo Tipo de documento
Biblioteca Municipal de Redondo Biblioteca Municipal de Redondo A054584 94(37) VAN   Livro

Powered by Koha